000 00245nam a22000857a 4500
008 160704b xxu||||| |||| 00| 0 eng d
100 _92050
_a Allan, J
245 _aHow to Solve your People Problems
260 _aNew Delhi
_b Universal Book Stall
_c1997
999 _c1749
_d1749